Εισαγωγή στην επιστήμη της πληροφόρησης

Αποθηκεύτηκε σε:
Λεπτομέρειες βιβλιογραφικής εγγραφής
Κύριος συγγραφέας: Μπώκος, Γιώργος Δ. 1949-
Μορφή: Βιβλίο
Γλώσσα:Greek
Δημοσίευση: Αθήνα : Παπασωτηρίου, 2001
Θέματα:
Ετικέτες: Προσθήκη ετικέτας
Δεν υπάρχουν, Καταχωρήστε ετικέτα πρώτοι!

MARC

LEADER 00000nam a2200000 i 4500
001 1/43532
008 031026s2001 gre d
020 |a 960-7510-94-1 
035 |l 10071376 
040 |a GR-MY-UA  |b gre  |e aacr 
041 0 |a gre 
082 0 |a 020 
100 1 |a Μπώκος, Γιώργος Δ.  |d 1949- 
245 1 0 |a Εισαγωγή στην επιστήμη της πληροφόρησης /  |c Γ. Δ. Μπώκος 
260 |a Αθήνα :   |b Παπασωτηρίου,   |c 2001 
300 |a xvi, 572 σ.;  |b πιν.; σχ.;  |c 21 εκ. 
504 |a Περιέχει βιβλιογραφικές παραπομπές και ευρετήριο 
650 0 0 |a Information science. 
650 0 0 |a Library science. 
852 |a INST  |b LESVOS  |e 20031026  |h 020 ΜΠΩ  |p 005100028123  |q 005100028123  |t BK  |y 0 
852 |a INST  |b SAMOS  |c EUDOXUS  |e 20140616  |h 020 ΜΠΩ  |p 005300036647  |q 005300036647  |t EDX  |y 0 
901 |a BIBL3-2014-2 
901 |a BIBL1-2004-2 
909 |a Σ  |b 184965 
909 |a Λ  |b 106458 
920 |a ΕΥΔΟΞΟΣ  |b ΠΑΡΑΓΓΕΛΙΑ-ΜΑΘΗΜΑΤΙΚΟ  |y ΣΑΜΟΣ  |z 2014-04 
922 |a 1ΕΛΗ  |b 200309  |c ΤΑΚ/ΚΥΒ  |d ΠΑΠΑΣΩΤΗΡΙΟΥ 
950 |a 023-2003-09-15 
970 |a ΣΠΥΡΕΛΛΗ  |b ΕΥΑΓΓΕΛΙΑ  |z 2004/08/20